Pieseň ku cti a chwále Blahosl. Panny Marii Patronky Sw. Růženca

Bibliographic Details
Corporate Author: Škarnicel, Jozef - dedičia (Skalica, Slovensko) (Printer)
Format: Book
Language:Slovak
PhysicalDescription:[8] s. 11 cm
Published: W Skalici u dědičů J. Škarnicla 1881
Subjects:

MARC

LEADER 00000nam a2200000 a 4500
001 vtls011755675
003 SK-MaSNL
005 20260301184422.0
008 200104s1881 xo a 0 an0 slo
015 |a SNBHFA1881 
035 |a urn:nbn:sk:snk-am00d17y 
035 |a urn:nbn:sk:snk-am3hi7k 
035 |a B2DE0A82-1EA6-4C23-A064-BED2A43C7E6D 
040 |a SNKHF  |b slo  |c SNK  |e AACR2 
041 0 |a slo 
044 |a xo  |c SK 
072 7 |a 783  |x Cirkevná hudba. Duchovná hudba. Náboženská hudba  |2 konspekt 
080 |a 783.6  |2 2011 
130 0 |a Pieseň  |9 354286 
245 1 0 |a Pieseň ku cti a chwále Blahosl. Panny Marii Patronky Sw. Růženca 
260 |a W Skalici  |b u dědičů J. Škarnicla  |c 1881 
300 |a [8] s.  |c 11 cm 
500 |a Titulná strana s drevorezom 
501 |a Prív. 2. k: Pobožná pjseň o umučenj Pána Gežjsse Krista. W Skalici : u dědičů J. Škarnicla, 1881.  |5 SNK SE 149/1-15/prív.2 
546 |a Slovenčina  |b Fraktúra 
550 |a Tlačiar uvedený za textom 
650 0 7 |a duchovné piesne  |2 SNKPH  |9 1928 
710 2 |a Škarnicel, Jozef - dedičia (Skalica, Slovensko)  |4 prt  |9 189503 
752 |a Slovensko  |d Skalica 
852 |a SNK  |p SE 149/1-15/prív.2 
958 |a ONDV 
999 |c 860439  |d 862369 
952 |a SNK  |b SNK  |y PREZ  |7 0  |p 17A1300706  |o snkSE 149/1-15/prív.2  |i snk4687/28  |0 0  |1 0  |4 0  |d 2018-05-11  |f 1  |l 0  |r 2026-02-24 05:10:02  |w 2026-02-24